<?xml version="1.0" encoding="UTF-8"?>
<record
    xmlns:xsi="http://www.w3.org/2001/XMLSchema-instance"
    xsi:schemaLocation="http://www.loc.gov/MARC21/slim http://www.loc.gov/standards/marcxml/schema/MARC21slim.xsd"
    xmlns="http://www.loc.gov/MARC21/slim">

  <leader>01560nam a22002177a 4500</leader>
  <controlfield tag="005">20251202153118.0</controlfield>
  <controlfield tag="008">251202b        |||||||| |||| 00| 0 eng d</controlfield>
  <datafield tag="020" ind1=" " ind2=" ">
    <subfield code="a">9789390620616</subfield>
  </datafield>
  <datafield tag="040" ind1=" " ind2=" ">
    <subfield code="c">AL</subfield>
  </datafield>
  <datafield tag="041" ind1=" " ind2=" ">
    <subfield code="a">eng</subfield>
  </datafield>
  <datafield tag="082" ind1=" " ind2=" ">
    <subfield code="a">570.2462</subfield>
    <subfield code="b">RAOB</subfield>
  </datafield>
  <datafield tag="100" ind1=" " ind2=" ">
    <subfield code="a">Vaman Rao C</subfield>
    <subfield code="9">247276</subfield>
  </datafield>
  <datafield tag="245" ind1=" " ind2=" ">
    <subfield code="a">Biology for engineers</subfield>
  </datafield>
  <datafield tag="260" ind1=" " ind2=" ">
    <subfield code="a">New Delhi</subfield>
    <subfield code="b">Techsar</subfield>
    <subfield code="c">2025</subfield>
  </datafield>
  <datafield tag="300" ind1=" " ind2=" ">
    <subfield code="a">x,246p.</subfield>
    <subfield code="b">PB</subfield>
    <subfield code="c">23.5x16cm</subfield>
  </datafield>
  <datafield tag="365" ind1=" " ind2=" ">
    <subfield code="2">Computer Science Engineering</subfield>
    <subfield code="a">4485</subfield>
    <subfield code="b">316.00</subfield>
    <subfield code="c">&#x20B9;</subfield>
    <subfield code="d">395.00</subfield>
    <subfield code="e">20%</subfield>
    <subfield code="f">13-11-2025</subfield>
  </datafield>
  <datafield tag="520" ind1=" " ind2=" ">
    <subfield code="a">"Biology for Engineers is a book specially written for the students of engineering streams of various discipline to make them understand and appreciate the link between biological principles and engineering technology. The book is organized into four chapters - Chapter 1 discusses the significance of molecules and elements of life; Chapter 2 discusses how the living cell and the biological system in this universe work on thermodynamics principles; Chapter 3 discusses the plasma membrane and its universality across the living system and Chapter 4 gives its reader the knowledge of membrane electrical potential that has been used for devising objects that will facilitate heart beat, hearing aid, bionic eye for visually impaired. Different examples of application of anatomical features in engineering technology and how certain anatomical features have been implemented in developing devices in the engineering technology are discussed in the book.</subfield>
  </datafield>
  <datafield tag="650" ind1=" " ind2=" ">
    <subfield code="a">Thermodynamics</subfield>
    <subfield code="9">247277</subfield>
  </datafield>
  <datafield tag="650" ind1=" " ind2=" ">
    <subfield code="a">Engineering Design</subfield>
    <subfield code="9">247278</subfield>
  </datafield>
  <datafield tag="942" ind1=" " ind2=" ">
    <subfield code="2">ddc</subfield>
    <subfield code="c">BK</subfield>
  </datafield>
  <datafield tag="999" ind1=" " ind2=" ">
    <subfield code="c">240699</subfield>
    <subfield code="d">240699</subfield>
  </datafield>
  <datafield tag="952" ind1=" " ind2=" ">
    <subfield code="0">0</subfield>
    <subfield code="1">0</subfield>
    <subfield code="2">ddc</subfield>
    <subfield code="4">0</subfield>
    <subfield code="7">0</subfield>
    <subfield code="8">CSE</subfield>
    <subfield code="a">SE</subfield>
    <subfield code="b">SE</subfield>
    <subfield code="d">2025-12-13</subfield>
    <subfield code="e">Biblios Book Point, Surathkal-575014</subfield>
    <subfield code="g">316.00</subfield>
    <subfield code="l">0</subfield>
    <subfield code="o">570.2462 RAOB</subfield>
    <subfield code="p">SE000181</subfield>
    <subfield code="r">2025-12-02 15:33:59</subfield>
    <subfield code="v">395.00</subfield>
    <subfield code="w">2025-11-13</subfield>
    <subfield code="y">BK</subfield>
  </datafield>
  <datafield tag="952" ind1=" " ind2=" ">
    <subfield code="0">0</subfield>
    <subfield code="1">0</subfield>
    <subfield code="2">ddc</subfield>
    <subfield code="4">0</subfield>
    <subfield code="7">0</subfield>
    <subfield code="8">CSE</subfield>
    <subfield code="a">SE</subfield>
    <subfield code="b">SE</subfield>
    <subfield code="d">2025-12-13</subfield>
    <subfield code="e">Biblios Book Point, Surathkal-575014</subfield>
    <subfield code="g">316.00</subfield>
    <subfield code="l">0</subfield>
    <subfield code="o">570.2462 RAOB</subfield>
    <subfield code="p">SE000182</subfield>
    <subfield code="r">2025-12-02 15:33:59</subfield>
    <subfield code="v">395.00</subfield>
    <subfield code="w">2025-11-13</subfield>
    <subfield code="y">BK</subfield>
  </datafield>
  <datafield tag="952" ind1=" " ind2=" ">
    <subfield code="0">0</subfield>
    <subfield code="1">0</subfield>
    <subfield code="2">ddc</subfield>
    <subfield code="4">0</subfield>
    <subfield code="7">0</subfield>
    <subfield code="8">CSE</subfield>
    <subfield code="a">SE</subfield>
    <subfield code="b">SE</subfield>
    <subfield code="d">2025-12-13</subfield>
    <subfield code="e">Biblios Book Point, Surathkal-575014</subfield>
    <subfield code="g">316.00</subfield>
    <subfield code="l">0</subfield>
    <subfield code="o">570.2462 RAOB</subfield>
    <subfield code="p">SE000183</subfield>
    <subfield code="r">2025-12-02 15:33:59</subfield>
    <subfield code="v">395.00</subfield>
    <subfield code="w">2025-11-13</subfield>
    <subfield code="y">BK</subfield>
  </datafield>
  <datafield tag="952" ind1=" " ind2=" ">
    <subfield code="0">0</subfield>
    <subfield code="1">0</subfield>
    <subfield code="2">ddc</subfield>
    <subfield code="4">0</subfield>
    <subfield code="7">0</subfield>
    <subfield code="8">CSE</subfield>
    <subfield code="a">SE</subfield>
    <subfield code="b">SE</subfield>
    <subfield code="d">2025-12-13</subfield>
    <subfield code="e">Biblios Book Point, Surathkal-575014</subfield>
    <subfield code="g">316.00</subfield>
    <subfield code="l">1</subfield>
    <subfield code="o">570.2462 RAOB</subfield>
    <subfield code="p">SE000184</subfield>
    <subfield code="r">2026-06-15 10:38:15</subfield>
    <subfield code="s">2026-01-23</subfield>
    <subfield code="v">395.00</subfield>
    <subfield code="w">2025-11-13</subfield>
    <subfield code="y">BK</subfield>
  </datafield>
  <datafield tag="952" ind1=" " ind2=" ">
    <subfield code="0">0</subfield>
    <subfield code="1">0</subfield>
    <subfield code="2">ddc</subfield>
    <subfield code="4">0</subfield>
    <subfield code="7">0</subfield>
    <subfield code="8">CSE</subfield>
    <subfield code="a">SE</subfield>
    <subfield code="b">SE</subfield>
    <subfield code="d">2025-12-13</subfield>
    <subfield code="e">Biblios Book Point, Surathkal-575014</subfield>
    <subfield code="g">316.00</subfield>
    <subfield code="l">0</subfield>
    <subfield code="o">570.2462 RAOB</subfield>
    <subfield code="p">SE000185</subfield>
    <subfield code="r">2025-12-02 15:33:59</subfield>
    <subfield code="v">395.00</subfield>
    <subfield code="w">2025-11-13</subfield>
    <subfield code="y">BK</subfield>
  </datafield>
</record>
